Memoria leida en la Real Academia de Jurisprudencia y Legislación, en la sesión inaugural del curso de 1885 á 1886 / (Record no. 158945)

MARC details
000 -LEADER
campo de control de longitud fija 00886nam a2200193 i 4500
001 - NÚMERO DE CONTROL
campo de control 158945
003 - IDENTIFICADOR DE NÚMERO DE CONTROL
campo de control ES-MaACL
005 - FECHA Y HORA DE LA ÚLTIMA TRANSACCIÓN
campo de control 20260127062550.0
008 - DATOS DE LONGITUD FIJA--INFORMACIÓN GENERAL
campo de control de longitud fija 981127s1885 sp |||| | spa d
040 ## - FUENTE DE CATALOGACIÓN
Centro catalogador/agencia de origen CCPB | B
Lengua de catalogación spa
Centro/agencia transcriptor CCPB | B
100 1# - ENTRADA PRINCIPAL--NOMBRE DE PERSONA
Nombre de persona Martínez Asenjo, Lamberto.
9 (RLIN) 129621
245 10 - MENCIÓN DEL TÍTULO
Título Memoria leida en la Real Academia de Jurisprudencia y Legislación, en la sesión inaugural del curso de 1885 á 1886 /
Mención de responsabilidad, etc. por Lamberto Martínez Asenjo.
260 ## - PUBLICACIÓN, DISTRIBUCIÓN, ETC.
Lugar de publicación, distribución, etc. Madrid :
Nombre del editor, distribuidor, etc. [s.n.],
Fecha de publicación, distribución, etc. 1885 (
Fabricante Imprenta del Ministerio de Gracia y Justicia)
300 ## - DESCRIPCIÓN FÍSICA
Extensión 120 p. ;
Dimensiones 24 cm.
610 2# - PUNTO DE ACCESO ADICIONAL DE MATERIA--NOMBRE DE ENTIDAD CORPORATIVA
Nombre de entidad corporativa o nombre de jurisdicción como elemento de entrada Real Academia de Jurisprudencia y Legislación de España-
Subdivisión de forma Memorias.
9 (RLIN) 150092
700 ## - ENTRADA AGREGADA--NOMBRE PERSONAL
Nombre de persona Real Academia de Jurisprudencia y Legislación de España
9 (RLIN) 217612
852 ## - LOCALIZACIÓN
Ubicación ES-MaACL
Número de control de estantería T-434-F-7
Nota libre -- Enc. hol.
condición física -- Falto de la cub. original
Nota libre -- Enc. en un vol. facticio
Holdings
Estatus retirado Estado de pérdida Estado de daño No para préstamo Colección Biblioteca de origen Biblioteca actual Ubicación en estantería Fecha de adquisición Total de préstamos Signatura topográfica completa Código de barras Visto por última vez Precio de reemplazo Tipo de ítem Koha
        Colección de folletos Biblioteca del Ateneo de Madrid Biblioteca del Ateneo de Madrid Depósito folletos 17/01/2008   T-434-F-7 1166369 23/02/2023 23/02/2023 Folleto